000 00451nab a22001457 4500
003 ES-SlBCS
005 20220601131039.0
008 180228s2018 sp ||||| |||| 00| 0 spa d
040 _aES-SlBCS
_bspa
041 _aspa
100 1 _aFrancisco, José Mario C,
_9107072
245 1 3 _aEl cristianismo es asiático: una reivindicación
_cJose Mario C. Francisco
773 0 _gNúm. 374, 2018, págs. 29-40
_tConcilium
_wRev134
_x0210-1041
942 _2lcc
_cAR
999 _c475445
_d475445